000 00610nam a2200229Ia 4500
003 OSt
005 20220918215905.0
006 a|||||r|||| 00| 0
007 ta
008 220917b |||||||| |||| 00| 0 eng d
024 _a143,227
037 _cTextual
040 _aARTS
_cARTS
_beng
041 _2eng
_aeng
082 _aY131:1:7:2:N2, F8
100 _aGangulee Nagendra Nath
_9135725
245 0 _aProblems of rural India etc.
260 _aNA
_bNA
_c1928
650 _aSOCIOLOGY
942 _hY131:1:7:2:N2, F8
_cTEXL
_2CC
999 _c266180
_d266180